INFORMATION MANAGEMENT FOR DECISION MAKI (Record no. 3104)
[ view plain ]
| 000 -LEADER | |
|---|---|
| fixed length control field | 00357nam a2200133Ia 4500 |
| 008 - FIXED-LENGTH DATA ELEMENTS--GENERAL INFORMATION | |
| fixed length control field | 240624s9999 xx 000 0 und d |
| 041 ## - LANGUAGE CODE | |
| Language code of text/sound track or separate title | eng |
| 082 ## - DEWEY DECIMAL CLASSIFICATION NUMBER | |
| Classification number | 658.4038 NAM |
| 100 ## - MAIN ENTRY--PERSONAL NAME | |
| Personal name | NAMBUDIRI M M G |
| 245 ## - TITLE STATEMENT | |
| Title | INFORMATION MANAGEMENT FOR DECISION MAKI |
| 260 ## - PUBLICATION, DISTRIBUTION, ETC. | |
| Date of publication, distribution, etc. | 1999 |
| Place of publication, distribution, etc. | New Delhi |
| Name of publisher, distributor, etc. | Allied Publisher |
| 300 ## - PHYSICAL DESCRIPTION | |
| Extent | viii, : 294 : p. : cm. ; 24 |
| 365 ## - TRADE PRICE | |
| Currency code | RS |
| Withdrawn status | Lost status | Damaged status | Not for loan | Home library | Current library | Shelving location | Date acquired | Source of acquisition | Cost, normal purchase price | Full call number | Barcode | Date last seen | Copy number | Price effective from | Koha item type |
|---|---|---|---|---|---|---|---|---|---|---|---|---|---|---|---|
| Missing | IMTN | IMTN | Rack 29-A | 01/03/2006 | AP | 270.00 | 658.4038 NAM | 3104 | 06/24/2024 | 1 | 06/24/2024 | Books |